[Event "Wch U18 rapid"]
[Site "Batumi"]
[Date "2023.06.08"]
[Round "10"]
[White "Mierins, Emils Janis"]
[Black "Ochedzan, Tymon"]
[Result "1/2-1/2"]
[WhiteElo "2174"]
[BlackElo "2310"]
[PlyCount "120"]
[EventDate "2023.06.06"]
[EventType "swiss (rapid)"]
[EventRounds "11"]
[EventCountry "GEO"]
[SourceTitle "CBM 214 Extra"]
[Source "ChessBase"]
[SourceDate "2023.07.31"]
[SourceVersion "1"]
[SourceVersionDate "2023.07.31"]
[SourceQuality "1"]

1. e4 c5 2. Nf3 d6 3. d4 cxd4 4. Qxd4 Nc6 5. Bb5 a6 6. Bxc6+ bxc6 7. c4 e5 8. Qd3 Be7 9. 0-0 h6 10. Nc3 Nf6 11. h3 0-0 12. Be3 Qc7 13. Rfd1 Nh5 14. Qe2 Nf4 15. Bxf4 exf4 16. Nd4 Bf6 17. Rd2 Re8 18. Qf3 Be5 19. Rad1 a5 20. Nce2 g5 21. Qh5 Bg7 22. Nc3 a4 23. a3 Ra5 24. Nf5 Bxf5 25. exf5 Bf8 26. Qf3 Rxf5 27. Nxa4 Rfe5 28. Nc3 Qa5 29. Qxc6 Re1+ 30. Rxe1 Rxe1+ 31. Kh2 Qe5 32. Qd5 Qe7 33. Rd1 g4 34. Rxe1 Qxe1 35. hxg4 Qxf2 36. Qf3 Qxb2 37. Nd5 Bg7 38. Ne7+ Kf8 39. Nf5 Qb8 40. Nxg7 Kxg7 41. Qxf4 Qb6 42. Qe4 Qf2 43. Qf3 Qh4+ 44. Qh3 Qf6 45. Qg3 Qd4 46. Kh3 Qxc4 47. Qxd6 Qc1 48. Qe5+ f6 49. Qe7+ Kg6 50. Qe4+ Kg7 51. Qf3 Qh1+ 52. Kg3 Qe1+ 53. Kh2 Qe5+ 54. Qg3 Qa5 55. Qe3 Qc7+ 56. Kh3 Qd7 57. Qf3 Qa4 58. Kh4 Qd4 59. Kh5 Qe5+ 60. Kh4 Qe1+ 1/2-1/2

[Event "Wch U18 rapid"]
[Site "Batumi"]
[Date "2023.06.08"]
[Round "11"]
[White "Ochedzan, Tymon"]
[Black "Gongliashvili, Zurab"]
[Result "1-0"]
[WhiteElo "2310"]
[BlackElo "1765"]
[PlyCount "129"]
[EventDate "2023.06.06"]
[EventType "swiss (rapid)"]
[EventRounds "11"]
[EventCountry "GEO"]
[SourceTitle "CBM 214 Extra"]
[Source "ChessBase"]
[SourceDate "2023.07.31"]
[SourceVersion "1"]
[SourceVersionDate "2023.07.31"]
[SourceQuality "1"]

1. e4 d6 2. d4 Nf6 3. Nc3 g6 4. Bg5 Bg7 5. Qd2 a6 6. f4 b5 7. Bd3 Bb7 8. a3 c5 9. d5 Nbd7 10. Nf3 c4 11. Be2 Nc5 12. Bxf6 exf6 13. 0-0 0-0 14. f5 Re8 15. Qf4 Qd7 16. Nd4 Qe7 17. Bf3 Qe5 18. Qd2 Nd3 19. Ndxb5 axb5 20. cxd3 Qd4+ 21. Qf2 Qxf2+ 22. Kxf2 cxd3 23. Nxb5 gxf5 24. exf5 Re5 25. g4 Ra5 26. Nc3 Bh6 27. Rfe1 Bf4 28. h3 Kg7 29. Rad1 Ba6 30. Re4 Rxe4 31. Bxe4 d2 32. Kf3 Bh6 33. h4 Bc4 34. Rg1 Kh8 35. g5 Bg7 36. Rd1 fxg5 37. hxg5 Bxc3 38. bxc3 Rxa3 39. Rxd2 Rxc3+ 40. Kf4 Bb3 41. f6 Rh3 42. Rd4 h6 43. gxh6 Rxh6 44. Kg5 Rh3 45. Rb4 Rg3+ 46. Kf4 Rg8 47. Rxb3 Rg1 48. Rb8+ Rg8 49. Rb6 Rd8 50. Bf5 Kg8 51. Rb2 Ra8 52. Rg2+ Kh8 53. Rc2 Ra4+ 54. Kg5 Ra8 55. Rc8+ Rxc8 56. Bxc8 Kg8 57. Kh6 Kh8 58. Bf5 Kg8 59. Bg6 Kf8 60. Bh5 Kg8 61. Kg5 Kf8 62. Kf5 Ke8 63. Ke4 Kf8 64. Kd4 Ke8 65. Kc4 1-0

[Event "Wch U18 rapid"]
[Site "Batumi"]
[Date "2023.06.07"]
[Round "5"]
[White "Ochedzan, Tymon"]
[Black "Hommadov, Amanmuhammet"]
[Result "0-1"]
[WhiteElo "2310"]
[BlackElo "2190"]
[PlyCount "76"]
[EventDate "2023.06.06"]
[EventType "swiss (rapid)"]
[EventRounds "11"]
[EventCountry "GEO"]
[SourceTitle "CBM 214 Extra"]
[Source "ChessBase"]
[SourceDate "2023.07.31"]
[SourceVersion "1"]
[SourceVersionDate "2023.07.31"]
[SourceQuality "1"]

1. e4 c5 2. Nf3 Nc6 3. d4 cxd4 4. Nxd4 g6 5. c4 Nf6 6. Nc3 d6 7. Be2 Nxd4 8. Qxd4 Bg7 9. Bg5 0-0 10. Qe3 Be6 11. 0-0 Rc8 12. Nd5 Bxd5 13. exd5 b5 14. b3 bxc4 15. bxc4 Re8 16. Rab1 Qa5 17. Rb7 Qxa2 18. Rxa7 Qb2 19. Bf3 e6 20. dxe6 Rxe6 21. Qd3 Qe5 22. Be3 Ne4 23. g3 Qf5 24. Bxe4 Qxe4 25. Qb3 Re7 26. Ra6 Be5 27. Bh6 Qf5 28. Rb6 Rce8 29. Rb8 Qh3 30. Bg5 Re6 31. Qb5 Rxb8 32. Qxb8+ Kg7 33. Qd8 h6 34. Be7 Qf5 35. Rd1 Qf3 36. Rf1 Bd4 37. Bf8+ Kh7 38. Qa5 Re2 0-1

[Event "Wch U18 rapid"]
[Site "Batumi"]
[Date "2023.06.07"]
[Round "6"]
[White "Siniauski, Artsiom"]
[Black "Ochedzan, Tymon"]
[Result "1-0"]
[WhiteElo "2253"]
[BlackElo "2310"]
[PlyCount "119"]
[EventDate "2023.06.06"]
[EventType "swiss (rapid)"]
[EventRounds "11"]
[EventCountry "GEO"]
[SourceTitle "CBM 214 Extra"]
[Source "ChessBase"]
[SourceDate "2023.07.31"]
[SourceVersion "1"]
[SourceVersionDate "2023.07.31"]
[SourceQuality "1"]

1. e4 c6 2. d4 d5 3. e5 c5 4. Nf3 Bg4 5. dxc5 e6 6. c3 Nd7 7. Bf4 Bxc5 8. b4 Be7 9. Bd3 f6 10. h3 fxe5 11. hxg4 exf4 12. Rxh7 Rxh7 13. Bxh7 Kf8 14. Qe2 Qb6 15. g5 Re8 16. Nh4 Bxg5 17. Ng6+ Kf7 18. Qh5 Ngf6 19. Ne5+ Ke7 20. Qxg5 Nxe5 21. Qxe5 Rh8 22. Bd3 Rh1+ 23. Bf1 Ne4 24. Qxg7+ Ke8 25. Qd4 Qb5 26. Qh8+ Rxh8 27. Bxb5+ Ke7 28. Bf1 Kd6 29. a4 Rc8 30. Ra3 e5 31. f3 Ng3 32. Nd2 e4 33. fxe4 dxe4 34. c4 e3 35. c5+ Kc7 36. Nc4 Rh8 37. Nxe3 fxe3 38. Rxe3 Nxf1 39. Kxf1 Rh4 40. Rb3 Kc6 41. g3 Re4 42. a5 Kb5 43. Kf2 Ka4 44. Rb1 Rc4 45. Kf3 Ka3 46. g4 Ka2 47. Rg1 Rxb4 48. g5 Rd4 49. g6 Rd8 50. g7 Rg8 51. Rg4 Kb3 52. Kg3 Kc3 53. Kh4 Kd3 54. Kh5 a6 55. Kh6 Rc8 56. g8Q Rxg8 57. Rxg8 Kc4 58. Rb8 Kb5 59. Rxb7+ Kxa5 60. c6 1-0

[Event "Liberec op 22nd"]
[Site "Liberec"]
[Date "2023.03.01"]
[Round "7"]
[White "Ochedzan, Tymon"]
[Black "Goluch, Piotr"]
[Result "1/2-1/2"]
[WhiteElo "2240"]
[BlackElo "2328"]
[PlyCount "45"]
[EventDate "2023.02.24"]
[EventType "swiss"]
[EventRounds "9"]
[EventCountry "CZE"]
[SourceTitle "CBM 213 Extra"]
[Source "ChessBase"]
[SourceDate "2023.05.31"]
[SourceVersion "1"]
[SourceVersionDate "2023.05.31"]
[SourceQuality "1"]

1. e4 c6 2. d4 d5 3. Nc3 dxe4 4. Nxe4 Nf6 5. Nxf6+ exf6 6. Be3 Bd6 7. Bd3 0-0 8. Ne2 Re8 9. 0-0 Bg4 10. Qd2 Bh5 11. Nf4 Bg6 12. Nxg6 hxg6 13. c4 Nd7 14. Rfe1 f5 15. Bg5 Be7 16. Bxe7 Rxe7 17. Qb4 Rxe1+ 18. Rxe1 Qb6 19. Qc3 Nf6 20. Re7 c5 21. d5 Re8 22. Rxe8+ Nxe8 23. g3 1/2-1/2

[Event "Liberec op 22nd"]
[Site "Liberec"]
[Date "2023.02.25"]
[Round "2"]
[White "Ochedzan, Tymon"]
[Black "Peglau, Charis"]
[Result "1-0"]
[WhiteElo "2240"]
[BlackElo "1870"]
[PlyCount "73"]
[EventDate "2023.02.24"]
[EventType "swiss"]
[EventRounds "9"]
[EventCountry "CZE"]
[SourceTitle "CBM 213 Extra"]
[Source "ChessBase"]
[SourceDate "2023.05.31"]
[SourceVersion "1"]
[SourceVersionDate "2023.05.31"]
[SourceQuality "1"]

1. e4 c6 2. d4 d5 3. Nc3 dxe4 4. Nxe4 Nd7 5. Ng5 Ngf6 6. Bd3 e6 7. Qe2 Nb6 8. N1f3 Bd6 9. 0-0 h6 10. Ne4 Nxe4 11. Qxe4 f5 12. Qe2 0-0 13. c4 c5 14. dxc5 Bxc5 15. Bf4 Bd6 16. Bxd6 Qxd6 17. Rad1 Qe7 18. Ne5 Rf6 19. Bc2 Nd7 20. Rd4 Nxe5 21. Qxe5 Rf8 22. Rfd1 b6 23. Rd6 Qg5 24. f4 Qg6 25. R1d2 Qf6 26. b4 Qxe5 27. fxe5 Kf7 28. Ba4 g5 29. Kf2 Rb8 30. Bc6 Kg6 31. Ke3 g4 32. Kf4 h5 33. R2d3 h4 34. b5 Bb7 35. Rxe6+ Kf7 36. Rf6+ Kg7 37. Rd7+ 1-0

[Event "Liberec op 22nd"]
[Site "Liberec"]
[Date "2023.02.24"]
[Round "1"]
[White "Kawulski Chodkiewicz, Alexander"]
[Black "Ochedzan, Tymon"]
[Result "0-1"]
[WhiteElo "1648"]
[BlackElo "2240"]
[PlyCount "86"]
[EventDate "2023.02.24"]
[EventType "swiss"]
[EventRounds "9"]
[EventCountry "CZE"]
[SourceTitle "CBM 213 Extra"]
[Source "ChessBase"]
[SourceDate "2023.05.31"]
[SourceVersion "1"]
[SourceVersionDate "2023.05.31"]
[SourceQuality "1"]

1. e4 c5 2. Nf3 d6 3. d4 cxd4 4. Nxd4 Nf6 5. Nc3 a6 6. Bg5 e6 7. f4 h6 8. Bh4 Qb6 9. Qd2 Qxb2 10. Rb1 Qa3 11. Bxf6 gxf6 12. Be2 Qa5 13. 0-0 Nd7 14. Kh1 h5 15. f5 Bh6 16. Qe1 Qe5 17. Nf3 Qc5 18. Bd3 b5 19. Ne2 e5 20. Qh4 Bb7 21. Qxh5 Ke7 22. Qh4 d5 23. exd5 Bxd5 24. Qe1 Rac8 25. Ng3 Qc6 26. Be4 Bxe4 27. Nxe4 Nc5 28. Nxc5 Qxc5 29. Qa5 Rc6 30. a4 Rb8 31. axb5 Rxb5 32. Rxb5 Qxb5 33. Qa3+ Qc5 34. Qb3 Qxc2 35. Qb8 Qd3 36. Re1 Qd6 37. Qh8 Bd2 38. Rf1 Rc1 39. Rxc1 Bxc1 40. Qc8 Qd1+ 41. Ng1 Be3 42. Qb7+ Kf8 43. Qb4+ Kg7 0-1

[Event "Prague op 21st"]
[Site "Prague"]
[Date "2023.01.09"]
[Round "5"]
[White "Ochedzan, Tymon"]
[Black "Gkavardinas, Antonios"]
[Result "1-0"]
[WhiteElo "2236"]
[BlackElo "2101"]
[PlyCount "47"]
[EventDate "2023.01.06"]
[EventType "swiss"]
[EventRounds "9"]
[EventCountry "CZE"]
[SourceTitle "CBM 212 Extra"]
[Source "ChessBase"]
[SourceDate "2023.03.31"]
[SourceVersion "1"]
[SourceVersionDate "2023.03.31"]
[SourceQuality "1"]

1. e4 c6 2. Nc3 d5 3. Nf3 Bg4 4. h3 Bxf3 5. Qxf3 Nf6 6. Be2 e6 7. 0-0 Bc5 8. Rd1 Bd4 9. Qf4 e5 10. Qg3 0-0 11. d3 Kh8 12. Bg5 Qd6 13. Bxf6 gxf6 14. exd5 cxd5 15. Nb5 Qb6 16. Nxd4 Qxd4 17. c3 Qb6 18. Bf3 Nd7 19. Bxd5 Qxb2 20. Rab1 Qxc3 21. Rxb7 Rad8 22. Qf3 Qc5 23. Be4 Qc2 24. Qf5 1-0

[Event "Prague op 21st"]
[Site "Prague"]
[Date "2023.01.07"]
[Round "2"]
[White "Schouten, Mathias Lind"]
[Black "Ochedzan, Tymon"]
[Result "1-0"]
[WhiteElo "2044"]
[BlackElo "2236"]
[PlyCount "113"]
[EventDate "2023.01.06"]
[EventType "swiss"]
[EventRounds "9"]
[EventCountry "CZE"]
[SourceTitle "CBM 212 Extra"]
[Source "ChessBase"]
[SourceDate "2023.03.31"]
[SourceVersion "1"]
[SourceVersionDate "2023.03.31"]
[SourceQuality "1"]

1. e4 c5 2. Nf3 d6 3. d4 cxd4 4. Nxd4 Nf6 5. Nc3 a6 6. Bg5 Nbd7 7. Qe2 h6 8. Bh4 g6 9. f4 e5 10. fxe5 dxe5 11. 0-0-0 Qc7 12. Nb3 b5 13. g4 Be7 14. Bg2 Bb7 15. Rhf1 b4 16. Bxf6 Nxf6 17. Nd5 Nxd5 18. exd5 0-0-0 19. d6 Rxd6 20. Bxb7+ Kxb7 21. Qf3+ Kb8 22. Rxd6 Bxd6 23. Qxf7 Rf8 24. Qxc7+ Kxc7 25. Rxf8 Bxf8 26. Kd2 Kd6 27. Kd3 Kd5 28. Nd2 Be7 29. Ne4 Bd8 30. c3 a5 31. c4+ Kc6 32. Ke3 Be7 33. Kf3 Kd7 34. Nd2 Kd6 35. Ne4+ Ke6 36. Nf2 Bc5 37. Nd3 Bd6 38. Ke4 Bc7 39. b3 Bd6 40. c5 Bc7 41. Nb2 Kd7 42. Nc4 Kc6 43. Nxe5+ Kxc5 44. h3 g5 45. Nf7 Bb6 46. Nxh6 Bd8 47. Nf7 Be7 48. Ne5 Bd8 49. Nf3 Be7 50. Ke5 Bd8 51. Kf5 Be7 52. Nxg5 Kd4 53. Ne4 Kd3 54. g5 Kc2 55. g6 Bf8 56. Nd6 Kb2 57. Nc4+ 1-0